<?xml version="1.0" encoding="UTF-8"?><?xml-stylesheet type="text/xsl" href="static/style.xsl"?><OAI-PMH xmlns="http://www.openarchives.org/OAI/2.0/" xmlns:xsi="http://www.w3.org/2001/XMLSchema-instance" xsi:schemaLocation="http://www.openarchives.org/OAI/2.0/ http://www.openarchives.org/OAI/2.0/OAI-PMH.xsd"><responseDate>2026-04-27T20:23:41Z</responseDate><request verb="GetRecord" identifier="oai:uvadoc.uva.es:10324/70137" metadataPrefix="marc">https://uvadoc.uva.es/oai/request</request><GetRecord><record><header><identifier>oai:uvadoc.uva.es:10324/70137</identifier><datestamp>2024-09-25T19:00:47Z</datestamp><setSpec>com_10324_1146</setSpec><setSpec>com_10324_931</setSpec><setSpec>com_10324_894</setSpec><setSpec>col_10324_1262</setSpec></header><metadata><record xmlns="http://www.loc.gov/MARC21/slim" xmlns:doc="http://www.lyncode.com/xoai" xmlns:xsi="http://www.w3.org/2001/XMLSchema-instance" xmlns:dcterms="http://purl.org/dc/terms/" xsi:schemaLocation="http://www.loc.gov/MARC21/slim http://www.loc.gov/standards/marcxml/schema/MARC21slim.xsd">
<leader>00925njm 22002777a 4500</leader>
<datafield tag="042" ind1=" " ind2=" ">
<subfield code="a">dc</subfield>
</datafield>
<datafield tag="720" ind1=" " ind2=" ">
<subfield code="a">Corrales Herrero, María Elena</subfield>
<subfield code="e">author</subfield>
</datafield>
<datafield tag="720" ind1=" " ind2=" ">
<subfield code="a">Rodríguez Prado, Beatriz</subfield>
<subfield code="e">author</subfield>
</datafield>
<datafield tag="260" ind1=" " ind2=" ">
<subfield code="c">2016</subfield>
</datafield>
<datafield tag="520" ind1=" " ind2=" ">
<subfield code="a">En la actualidad existe un reconocimiento generalizado de que la inversión en formación&#xd;
inicial genera rendimientos para el individuo y la sociedad. Sin embargo,&#xd;
poco se sabe de los beneficios económicos de la formación en la edad adulta (adult&#xd;
learning o lifelong learning). El objetivo de este artículo es estimar el impacto del&#xd;
aprendizaje (formal o no formal) en la edad adulta sobre la empleabilidad de los individuos&#xd;
aplicando técnicas de emparejamiento (propensity score matching) a los datos&#xd;
de la Encuesta sobre la Participación de la Población Adulta en las Actividades&#xd;
de Aprendizaje (EADA). Los resultados muestran que el aprendizaje no formal tiene&#xd;
un impacto positivo, tanto para desempleados como para empleados. No obstante,&#xd;
este impacto no es homogéneo, y se han detectado diferencias significativas por&#xd;
sexo, edad y nivel de estudios inicial. Otros factores relacionados con la formación,&#xd;
como quién la financia y el motivo por el cual se realiza, también han mostrado ser&#xd;
muy significativos.</subfield>
</datafield>
<datafield tag="024" ind2=" " ind1="8">
<subfield code="a">El trimestre económico, enero-marzo 2016, n. 329, p.149-183.</subfield>
</datafield>
<datafield tag="024" ind2=" " ind1="8">
<subfield code="a">0041-3011</subfield>
</datafield>
<datafield tag="024" ind2=" " ind1="8">
<subfield code="a">https://uvadoc.uva.es/handle/10324/70137</subfield>
</datafield>
<datafield tag="024" ind2=" " ind1="8">
<subfield code="a">149</subfield>
</datafield>
<datafield tag="024" ind2=" " ind1="8">
<subfield code="a">329</subfield>
</datafield>
<datafield tag="024" ind2=" " ind1="8">
<subfield code="a">183</subfield>
</datafield>
<datafield tag="024" ind2=" " ind1="8">
<subfield code="a">El trimestre económico</subfield>
</datafield>
<datafield tag="245" ind1="0" ind2="0">
<subfield code="a">La incidencia de la formación en la edad adulta en la empleabilidad de los individuos : el caso de España</subfield>
</datafield>
</record></metadata></record></GetRecord></OAI-PMH>